Proyectos: evaluación y formulación

Αποθηκεύτηκε σε:
Λεπτομέρειες βιβλιογραφικής εγγραφής
Κύριοι συγγραφείς: Vidal Gazaue, Kamal Adolfo (Συγγραφέας), González Serna, José de Jesús (Συγγραφέας)
Μορφή: Βιβλίο
Γλώσσα:Ισπανικά
Έκδοση: Santiago Alfaomega 2015
Έκδοση:1a. ed
Θέματα:
Ετικέτες: Προσθήκη ετικέτας
Δεν υπάρχουν, Καταχωρήστε ετικέτα πρώτοι!

MARC

LEADER 00000cam a2200000 a 4500
001 UCD0970
003 CL-VaPUC
008 151231e20150000cl |||||||||||||||||spa|d
020 |a 9789569517006 
082 0 4 |a 658.404  |b VID  |2 21 
100 0 |a Vidal Gazaue, Kamal Adolfo  |e author  |9 584024 
700 0 |a González Serna, José de Jesús  |e author  |9 584025 
245 1 0 |a Proyectos: evaluación y formulación 
250 |a 1a. ed 
300 |a 206 p 
942 |c BK 
945 |d 20151231 00:35:00  |a dcastane 
260 |a Santiago  |b Alfaomega  |c 2015 
650 0 |a Gestión de proyectos  |9 260970 
650 7 |a EVALUACION ECONOMICA  |2 CL-VaPUC  |9 306196 
650 0 |a Planificación estratégica   |9 259735 
650 0 |a Toma de decisiones   |9 257530 
650 7 |a EVALUACION DE MERCADOS  |2 CL-VaPUC  |9 559153 
583 |a last modification  |c 20190328 01:46:54  |k Rodrigo Vera 
999 |c 362402  |d 362400 
952 |0 0  |1 0  |3 erb  |4 0  |6 658_404000000000000_VID_2015  |7 0  |8 A  |9 473618  |a BIBING  |b BIBING  |i 5259576  |o 658.404 VID 2015  |p 5259576  |r 2025-01-20  |w 2019-11-24  |y BK  |z Catalogado en:20151231  |k CCI 
952 |0 0  |1 0  |3 erb  |4 0  |6 658_404000000000000_VID_2015  |7 0  |8 A  |9 473619  |a BIBING  |b BIBING  |i 5259568  |o 658.404 VID 2015  |p 5259568  |r 2025-01-20  |w 2019-11-24  |y BK  |z Catalogado en:20151231  |k CCI 
952 |0 0  |1 0  |3 erb  |4 0  |6 658_404000000000000_VID_2015  |7 0  |8 A  |9 473620  |a BIBING  |b BIBING  |i 525955K  |o 658.404 VID 2015  |p 525955K  |r 2025-01-20  |w 2019-11-24  |y BK  |z Catalogado en:20151231  |k CCI 
952 |0 0  |1 0  |3 erb  |4 0  |6 658_404000000000000_VID_2015  |7 0  |8 A  |9 473621  |a BIBING  |b BIBING  |i 5259541  |o 658.404 VID 2015  |p 5259541  |r 2025-01-20  |w 2019-11-24  |y BK  |z Catalogado en:20151231  |k CCI 
952 |0 0  |1 0  |3 erb  |4 0  |6 658_404000000000000_VID_2015  |7 0  |8 A  |9 473622  |a BIBING  |b BIBING  |i 5259533  |o 658.404 VID 2015  |p 5259533  |r 2025-01-20  |w 2019-11-24  |y BK  |z Catalogado en:20151231  |k CCI 
952 |0 0  |1 0  |3 erb  |4 0  |6 658_404000000000000_VID_2015  |7 0  |8 A  |9 473623  |a BIBING  |b BIBING  |i 5350476  |o 658.404 VID 2015  |p 5350476  |r 2025-01-20  |w 2019-11-24  |y BK  |z Catalogado en:20161124  |k CCI 
952 |0 0  |1 0  |3 erb  |4 0  |6 658_404000000000000_VID_2015  |7 0  |8 A  |9 473624  |a BIBING  |b BIBING  |i 5350484  |o 658.404 VID 2015  |p 5350484  |r 2025-01-20  |w 2019-11-24  |y BK  |z Catalogado en:20161124  |k CCI 
952 |0 0  |1 0  |3 erb  |4 0  |6 658_404000000000000_VID_2015  |7 0  |8 A  |9 473625  |a BIBING  |b BIBING  |i 5350492  |o 658.404 VID 2015  |p 5350492  |r 2025-01-20  |w 2019-11-24  |y BK  |z Catalogado en:20161124  |k CCI 
952 |0 0  |1 0  |3 erb  |4 0  |6 658_404000000000000_VID_2015  |7 0  |8 A  |9 473626  |a BIBING  |b BIBING  |i 5350506  |o 658.404 VID 2015  |p 5350506  |r 2025-01-20  |w 2019-11-24  |y BK  |z Catalogado en:20161124  |k CCI 
952 |0 0  |1 0  |3 erb  |4 0  |6 658_404000000000000_VID_2015  |7 0  |8 A  |9 473627  |a BIBING  |b BIBING  |i 5350514  |o 658.404 VID 2015  |p 5350514  |r 2025-01-20  |w 2019-11-24  |y BK  |z Catalogado en:20161124  |k CCI 
952 |0 0  |1 0  |3 erb  |4 0  |6 658_404000000000000_VID_2015  |7 0  |8 A  |9 473628  |a BIBING  |b BIBING  |i 5361141  |o 658.404 VID 2015  |p 5361141  |r 2025-01-20  |w 2019-11-24  |y BK  |z Catalogado en:20170119  |k EIE 
952 |0 0  |1 0  |3 erb  |4 0  |6 658_404000000000000_VID_2015  |7 0  |8 A  |9 473629  |a BIBING  |b BIBING  |i 5540933  |o 658.404 VID 2015  |p 5540933  |r 2025-01-20  |w 2019-11-24  |y BK  |z Catalogado en:20190329  |k CCI 
952 |0 0  |1 0  |3 erb  |4 0  |6 658_404000000000000_VID_2015  |7 0  |8 A  |9 473630  |a BIBING  |b BIBING  |i 5540925  |o 658.404 VID 2015  |p 5540925  |r 2025-01-20  |w 2019-11-24  |y BK  |z Catalogado en:20190329  |k CCI 
952 |0 0  |1 0  |3 erb  |4 0  |6 658_404000000000000_VID_2015  |7 0  |8 A  |9 473631  |a BIBING  |b BIBING  |i 5540917  |o 658.404 VID 2015  |p 5540917  |r 2025-01-20  |w 2019-11-24  |y BK  |z Catalogado en:20190329  |k CCI